[Event "Montcalm 1 2022-23"]
[Site "Quebec CAN"]
[Date "2022.09.08"]
[Round "1"]
[White "Sarra-Bournet, Marc"]
[Black "Drolet, Stephane"]
[Result "0-1"]
[WhiteElo "1781"]
[BlackElo "2159"]
[PlyCount "76"]
[EventDate "2022.09.08"]
[EventType "swiss"]
[EventRounds "5"]
[EventCountry "CAN"]

1. e4 g6 2. d4 c6 3. f4 d5 4. e5 Nh6 5. Nf3 Bg4 6. Be2 Nf5 7. O-O Qb6 8. c3 c5
9. Qa4+ Nc6 10. Qb5 Bxf3 11. Qxb6 axb6 12. Bxf3 e6 13. dxc5 Bxc5+ 14. Kh1 h5
15. b4 Nxb4 16. cxb4 Bd4 17. Nc3 Bxc3 18. Rb1 Rxa2 19. Rb3 Bd4 20. Rd3 h4 21.
Rxd4 Nxd4 22. Bd1 b5 23. Be3 Nf5 24. Bc5 Ra1 25. Be2 Rxf1+ 26. Bxf1 Kd7 27.
Bxb5+ Kc7 28. Kg1 b6 29. Bf2 Ra8 30. g4 hxg3 31. hxg3 Ra1+ 32. Kg2 Ra2 33. Kf3
Ra3+ 34. Kg4 d4 35. Be8 d3 36. Kf3 Ra1 37. Be3 Rf1+ 38. Ke4 Re1 0-1

[Event "Montcalm 1 2022-23"]
[Site "Quebec CAN"]
[Date "2022.09.08"]
[Round "1"]
[White "Sauve, Richard"]
[Black "Gonthier-Cummings, Eloi"]
[Result "1-0"]
[WhiteElo "1910"]
[BlackElo "1381"]
[PlyCount "43"]
[EventDate "2022.09.08"]
[EventType "swiss"]
[EventRounds "5"]
[EventCountry "CAN"]

1. d4 Nf6 2. c4 e6 3. Nc3 Bb4 4. Qc2 O-O 5. Bg5 h6 6. Bh4 Be7 7. e4 d5 8. e5
Nh5 9. Bxe7 Qxe7 10. cxd5 exd5 11. Nxd5 Qd7 12. Nxc7 Qxd4 13. Nf3 Qb4+ 14. Qd2
Qe4+ 15. Be2 Nf4 16. g3 Nxe2 17. Qxe2 Qb4+ 18. Kf1 Be6 19. Kg2 Nc6 20. Nxa8 Bd5
21. Nc7 Be4 22. Rhe1 1-0

[Event "Montcalm 1 2022-23"]
[Site "Quebec CAN"]
[Date "2022.09.15"]
[Round "2"]
[White "Chabot, SÃ©bastien"]
[Black "Genest, Dominic"]
[Result "0-1"]
[WhiteElo "1335"]
[BlackElo "1758"]
[PlyCount "68"]
[EventDate "2022.09.08"]
[EventType "swiss"]
[EventRounds "5"]
[EventCountry "CAN"]

1. d4 d5 2. Nf3 Nf6 3. Bf4 Bf5 4. e3 Nbd7 5. Be2 e6 6. O-O h6 7. Nbd2 Bd6 8.
Be5 Bxe5 9. dxe5 Ng4 10. c4 c6 11. Qb3 Qc7 12. cxd5 exd5 13. g3 Ngxe5 14. Nd4
Bh3 15. Rfe1 O-O 16. Bf1 Bxf1 17. Rxf1 Nc5 18. Qc3 Ne4 19. Nxe4 dxe4 20. Kg2 c5
21. Nb5 Qe7 22. Rad1 Nf3 23. Qc4 Kh8 24. Nd6 Ng5 25. Rd5 Qe6 26. Nf5 g6 27.
Qc3+ f6 28. h4 Qxd5 29. Nxh6 Nf3 30. a4 Qe6 31. Qxc5 Kg7 32. h5 Kxh6 33. hxg6
Kxg6 34. Rh1 Rh8 0-1

[Event "Montcalm 1 2022-23"]
[Site "Quebec CAN"]
[Date "2022.09.15"]
[Round "2"]
[White "Cournoyer, Dominic"]
[Black "Leblanc-Legault, Mathieu"]
[Result "0-1"]
[WhiteElo "1975"]
[BlackElo "1797"]
[PlyCount "64"]
[EventDate "2022.09.08"]
[EventType "swiss"]
[EventRounds "5"]
[EventCountry "CAN"]

1. c4 e6 2. g3 Nf6 3. Bg2 d5 4. Nf3 c5 5. O-O Nc6 6. d3 Bd6 7. Nc3 a6 8. Nd2
Ne7 9. Qb3 Bc7 10. e4 d4 11. Ne2 e5 12. h3 Qd6 13. Qd1 Nc6 14. a3 h6 15. Nf3 g5
16. Ne1 Be6 17. Nc2 Na5 18. Ne1 Nc6 19. Nc2 b5 20. b3 Rb8 21. Ne1 Na5 22. f4
gxf4 23. gxf4 Qb6 24. f5 Bd7 25. Nf3 bxc4 26. bxc4 Qb3 27. Ng3 Ba4 28. Qxb3
Rxb3 29. Ne1 Nxc4 30. Rf2 Ba5 31. Rc2 Bc3 32. Raa2 Rb1 0-1

[Event "Montcalm 1 2022-23"]
[Site "Quebec CAN"]
[Date "2022.09.15"]
[Round "2"]
[White "Diotte, Jean-Raymond"]
[Black "Sirois, Eric"]
[Result "0-1"]
[WhiteElo "1375"]
[BlackElo "1784"]
[PlyCount "66"]
[EventDate "2022.09.08"]
[EventType "swiss"]
[EventRounds "5"]
[EventCountry "CAN"]

1. c4 Nf6 2. g3 c5 3. Bg2 Nc6 4. Nf3 d5 5. cxd5 Nxd5 6. Nc3 Nc7 7. O-O e5 8. d3
Be7 9. Rb1 O-O 10. a3 Be6 11. Bd2 f6 12. Qc2 Qd7 13. b3 Rac8 14. Ne4 b6 15. b4
cxb4 16. axb4 Nb5 17. Qa4 Nbd4 18. Nxd4 Nxd4 19. Qxd7 Nxe2+ 20. Kh1 Bxd7 21.
Rfe1 Nd4 22. Nc3 Nc2 23. Bd5+ Kh8 24. Rec1 Nxb4 25. Bc4 Rfd8 26. Ne2 Bc6+ 27.
Kg1 Nxd3 28. Rc3 Nxf2 29. Kxf2 Rxd2 30. Bb5 Bb7 31. Rxc8+ Bxc8 32. Ke1 Rd8 33.
Rc1 Bc5 0-1

[Event "Montcalm 1 2022-23"]
[Site "Quebec CAN"]
[Date "2022.09.15"]
[Round "2"]
[White "Drolet, Stephane"]
[Black "Sauve, Richard"]
[Result "1/2-1/2"]
[WhiteElo "2152"]
[BlackElo "1910"]
[PlyCount "117"]
[EventDate "2022.09.08"]
[EventType "swiss"]
[EventRounds "5"]
[EventCountry "CAN"]

1. d4 d5 2. c4 e6 3. Nf3 Nf6 4. Bg5 Be7 5. e3 O-O 6. Nc3 Nbd7 7. cxd5 Nxd5 8.
Bxe7 Qxe7 9. Qc2 Nxc3 10. Qxc3 Nf6 11. a3 c6 12. Bd3 h6 13. e4 Bd7 14. O-O Rfd8
15. b4 a6 16. a4 Be8 17. Rfd1 Qf8 18. Bc2 Qe7 19. Rab1 Rdc8 20. Ne5 Nd7 21. Nd3
f6 22. Nc5 Nxc5 23. Qxc5 Qc7 24. Bb3 Bf7 25. Rbc1 b6 26. Qc3 Qd7 27. Rd3 a5 28.
bxa5 Rxa5 29. Qb4 Qc7 30. Rdc3 Rh5 31. g3 c5 32. Bd1 cxb4 33. Rxc7 Rxc7 34.
Rxc7 Ra5 35. Rc4 b5 36. Rxb4 bxa4 37. Bxa4 f5 38. e5 Bh5 39. Kg2 Be2 40. Bb3
Ra6 41. Rb8+ Kf7 42. d5 exd5 43. Bxd5+ Kg6 44. Rf8 Bd3 45. Bf7+ Kh7 46. Rd8
Be4+ 47. f3 Bc6 48. Rd6 g5 49. Bg6+ Kg7 50. Rxc6 Rxc6 51. Bxf5 Rc5 52. f4 gxf4
53. gxf4 Rc3 54. Bg4 Kf7 55. Bf3 Ke6 56. Bg4+ Kd5 57. Bf5 Ra3 58. h3 Rc3 59.
Bg6 1/2-1/2

[Event "Montcalm 1 2022-23"]
[Site "Quebec CAN"]
[Date "2022.09.15"]
[Round "2"]
[White "Dumont, Eric"]
[Black "Auger, Bertrand"]
[Result "0-1"]
[WhiteElo "1786"]
[BlackElo "1940"]
[PlyCount "72"]
[EventDate "2022.09.08"]
[EventType "swiss"]
[EventRounds "5"]
[EventCountry "CAN"]

1. d4 Nf6 2. Bf4 g6 3. e3 Bg7 4. h3 b6 5. Nf3 O-O 6. Be2 Bb7 7. O-O d6 8. c4
Nbd7 9. Nc3 c5 10. Bg3 a6 11. a4 Rb8 12. Qc2 cxd4 13. exd4 Qc7 14. b4 Nh5 15.
Bh2 Bxf3 16. gxf3 Bxd4 17. Nd5 Qd8 18. Rad1 e5 19. Rxd4 exd4 20. Bxd6 Qg5+ 21.
Kh2 Rfe8 22. Rg1 Qh4 23. Rg2 Rbc8 24. Qd2 Ne5 25. Nxb6 Nf4 26. Rg3 d3 27. Bxd3
Nexd3 28. Nxc8 Rxc8 29. c5 Re8 30. Bxf4 Nxf4 31. c6 Qf6 32. c7 Nh5 33. Qd7 Qe6
34. Qd8 Nxg3 35. Kxg3 Kf8 36. Qb8 Qd6+ 0-1

[Event "Montcalm 1 2022-23"]
[Site "Quebec CAN"]
[Date "2022.09.15"]
[Round "2"]
[White "Lapierre, Gaetan"]
[Black "Marquis, Paul"]
[Result "0-1"]
[WhiteElo "1825"]
[BlackElo "1978"]
[PlyCount "68"]
[EventDate "2022.09.08"]
[EventType "swiss"]
[EventRounds "5"]
[EventCountry "CAN"]

1. e4 e6 2. d4 d5 3. e5 c5 4. c3 Nc6 5. Nf3 Nh6 6. a3 Qb6 7. b4 cxd4 8. b5 Na5
9. cxd4 Bd7 10. Bxh6 gxh6 11. Nbd2 Rc8 12. Bd3 Nc4 13. Bxc4 dxc4 14. O-O Bxb5
15. Ne4 Be7 16. d5 exd5 17. Nf6+ Kf8 18. Nxd5 Qc5 19. Qd2 Rc6 20. Nf6 Rxf6 21.
exf6 Bxf6 22. Qxh6+ Bg7 23. Qf4 Bxa1 24. Rxa1 Rg8 25. Rd1 Qe7 26. Qh6+ Rg7 27.
Re1 Qc5 28. Qf4 Rg8 29. Ne5 Qd5 30. Qh6+ Rg7 31. Qh3 Be8 32. f3 Qd2 33. Rf1
Qd4+ 34. Kh1 Qxe5 0-1

[Event "Montcalm 1 2022-23"]
[Site "Quebec CAN"]
[Date "2022.09.15"]
[Round "2"]
[White "Michaud, Jacques"]
[Black "Le-Huu, Pascal"]
[Result "1-0"]
[WhiteElo "1524"]
[BlackElo "1338"]
[PlyCount "49"]
[EventDate "2022.09.08"]
[EventType "swiss"]
[EventRounds "5"]
[EventCountry "CAN"]

1. d4 d5 2. Bg5 h6 3. Bh4 g5 4. Bg3 Nc6 5. Nf3 Bg4 6. e3 Bg7 7. Be2 e6 8. Ne5
Bxe2 9. Qxe2 a6 10. Nxc6 bxc6 11. Nd2 Ne7 12. O-O Nf5 13. Be5 f6 14. Qh5+ Ke7
15. Bg3 Nxg3 16. fxg3 Qe8 17. Qf3 Qg6 18. c4 g4 19. Qe2 h5 20. cxd5 cxd5 21.
Rac1 Ra7 22. e4 Kd7 23. exd5 exd5 24. Nb3 Qe4 25. Nc5+ 1-0

[Event "Montcalm 1 2022-23"]
[Site "Quebec CAN"]
[Date "2022.09.15"]
[Round "2"]
[White "Perreault, Jacquelin"]
[Black "Gonthier-Cummings, Eloi"]
[Result "1-0"]
[WhiteElo "1722"]
[BlackElo "1381"]
[PlyCount "43"]
[EventDate "2022.09.08"]
[EventType "swiss"]
[EventRounds "5"]
[EventCountry "CAN"]

1. e4 e6 2. d4 d5 3. Nd2 Nf6 4. e5 Nfd7 5. Bd3 c5 6. c3 Nc6 7. Ne2 Qb6 8. Nf3
Be7 9. O-O O-O 10. Re1 cxd4 11. cxd4 f6 12. exf6 Nxf6 13. Nf4 e5 14. dxe5 Ng4
15. Qe2 Bc5 16. Rf1 Nd4 17. Nxd4 Bxd4 18. e6 Bxe6 19. Qxe6+ Qxe6 20. Nxe6 Nxf2
21. Bxh7+ Kxh7 22. Nxd4 1-0

[Event "Montcalm 1 2022-23"]
[Site "Quebec CAN"]
[Date "2022.09.22"]
[Round "3"]
[White "Auger, Bertrand"]
[Black "Mercure, Gilbert"]
[Result "0-1"]
[WhiteElo "1940"]
[BlackElo "1907"]
[PlyCount "60"]
[EventDate "2022.09.08"]
[EventType "swiss"]
[EventRounds "5"]
[EventCountry "CAN"]

1. Nf3 d5 2. g3 Nc6 3. d4 Bf5 4. Bg2 Nb4 5. Na3 e6 6. O-O h5 7. c3 Nc6 8. Qa4
Bxa3 9. Qxa3 h4 10. Bg5 f6 11. Be3 g5 12. Rac1 Qd7 13. c4 Be4 14. b4 Qh7 15. g4
h3 16. Bh1 Nh6 17. cxd5 exd5 18. b5 Qd7 19. Ne5 Nxe5 20. f3 Nexg4 21. fxe4 Qe6
22. Rxc7 Nxh2 23. Rf5 N2g4 24. Bf2 Nxf5 25. exf5 Qxe2 26. Qg3 Nxf2 27. Qxf2 h2+
28. Kg2 Qe4+ 29. Qf3 Qxd4 30. Rc2 Qg1# 0-1

[Event "Montcalm 1 2022-23"]
[Site "Quebec CAN"]
[Date "2022.09.22"]
[Round "3"]
[White "Boissinot, Claude"]
[Black "Dumont, Eric"]
[Result "0-1"]
[WhiteElo "1508"]
[BlackElo "1786"]
[PlyCount "60"]
[EventDate "2022.09.08"]
[EventType "swiss"]
[EventRounds "5"]
[EventCountry "CAN"]

1. e4 c6 2. d4 d5 3. exd5 cxd5 4. c4 Nf6 5. Nc3 Nc6 6. c5 g6 7. Be2 Bg7 8. Be3
O-O 9. h3 Re8 10. Nf3 e5 11. Nxe5 Nxe5 12. dxe5 Rxe5 13. Bd4 Rg5 14. Bf3 Be6
15. h4 Rf5 16. O-O Rf4 17. g3 Rxf3 18. Qxf3 Bg4 19. Bxf6 Bxf3 20. Bxd8 Rxd8 21.
Rac1 d4 22. Nd1 d3 23. Rc4 Re8 24. Ne3 Bxb2 25. Rb4 Bg7 26. Nc4 Re2 27. a4 d2
28. Rbb1 Bd4 29. Rb3 Bxf2+ 30. Kh2 Be4 0-1

[Event "Montcalm 1 2022-23"]
[Site "Quebec CAN"]
[Date "2022.09.22"]
[Round "3"]
[White "Laflamme, Simon"]
[Black "Perreault, Jacquelin"]
[Result "0-1"]
[WhiteElo "2078"]
[BlackElo "1722"]
[PlyCount "86"]
[EventDate "2022.09.08"]
[EventType "swiss"]
[EventRounds "5"]
[EventCountry "CAN"]

1. d4 Nf6 2. c4 e6 3. g3 b6 4. Bg2 c6 5. e4 Bb4+ 6. Bd2 Bxd2+ 7. Nxd2 d5 8. e5
Nfd7 9. Ngf3 O-O 10. cxd5 cxd5 11. O-O Bb7 12. b4 Nc6 13. b5 Ne7 14. Rc1 Nf5
15. g4 Ne7 16. Ne1 Rc8 17. Nd3 Rxc1 18. Qxc1 Ng6 19. f4 Qc8 20. Qb2 f5 21. gxf5
exf5 22. Nb4 Ne7 23. Rc1 Qa8 24. Rc7 Bc8 25. e6 Qb8 26. Qc3 Nf6 27. Rxe7 Qxf4
28. Qg3 Qxd4+ 29. Kf1 g6 30. Nd3 Ne4 31. Nxe4 fxe4+ 32. Rf7 Qxd3+ 33. Qxd3 exd3
34. Bxd5 Rxf7+ 35. exf7+ Kg7 36. Ke1 Bf5 37. Kd2 g5 38. Ke3 Bg6 39. Kd2 Bxf7
40. Bxf7 Kxf7 41. Kxd3 Ke6 42. Ke4 h6 43. h3 h5 0-1

[Event "Montcalm 1 2022-23"]
[Site "Quebec CAN"]
[Date "2022.09.22"]
[Round "3"]
[White "Leblanc-Legault, Mathieu"]
[Black "Drolet, Stephane"]
[Result "0-1"]
[WhiteElo "1797"]
[BlackElo "2159"]
[PlyCount "126"]
[EventDate "2022.09.08"]
[EventType "swiss"]
[EventRounds "5"]
[EventCountry "CAN"]

1. d4 Nf6 2. Nf3 b6 3. g3 Bb7 4. Bg2 e6 5. O-O Be7 6. c4 O-O 7. Nc3 d6 8. Qd3
c5 9. Rd1 cxd4 10. Nxd4 Bxg2 11. Kxg2 a6 12. Qf3 Ra7 13. Be3 Qc8 14. b3 d5 15.
Na4 Nbd7 16. cxd5 Nxd5 17. Nf5 Nxe3+ 18. Qxe3 Bf6 19. Nd4 Qa8+ 20. f3 Rc7 21.
Rac1 Rfc8 22. Rxc7 Rxc7 23. Nxe6 Qe8 24. Nxb6 fxe6 25. Nd5 Rc8 26. Nxf6+ Nxf6
27. Rd6 Rc6 28. Qd3 Rxd6 29. Qxd6 Qc8 30. g4 h6 31. h4 Ne8 32. Qe7 g6 33. Kh3
Ng7 34. Qf6 Kh7 35. Qf7 Qc1 36. h5 Qf1+ 37. Kg3 Qg1+ 38. Kf4 gxh5 39. gxh5 Qg5+
40. Ke4 Qd5+ 41. Ke3 Qxh5 42. Qb7 Qc5+ 43. Kd3 a5 44. Qe4+ Kg8 45. Qg6 h5 46.
Qg3 Kf7 47. e4 Qb5+ 48. Ke3 e5 49. Qh3 Qb6+ 50. Ke2 Qe6 51. Qg3 Qf6 52. Qh3 Qg5
53. Qd7+ Kg6 54. Qd6+ Kh7 55. Qd7 h4 56. Qg4 Qxg4 57. fxg4 Ne6 58. Kf3 Ng5+ 59.
Kg2 Kg6 60. a3 Ne6 61. Kh3 Kg5 62. b4 axb4 63. axb4 Nd4 0-1

[Event "Montcalm 1 2022-23"]
[Site "Quebec CAN"]
[Date "2022.09.22"]
[Round "3"]
[White "Marquis, Paul"]
[Black "Poliquin, Yvon"]
[Result "1-0"]
[WhiteElo "1978"]
[BlackElo "1931"]
[PlyCount "77"]
[EventDate "2022.09.08"]
[EventType "swiss"]
[EventRounds "5"]
[EventCountry "CAN"]

1. e4 d5 2. exd5 Qxd5 3. Nc3 Qa5 4. d4 Nf6 5. Nf3 Bg4 6. h3 Bh5 7. g4 Bg6 8.
Bc4 e6 9. Bd2 c6 10. Nd5 Qd8 11. Nxf6+ gxf6 12. h4 Be4 13. c3 Nd7 14. Qe2 Bxf3
15. Qxf3 Qc7 16. O-O-O Bd6 17. g5 O-O-O 18. gxf6 c5 19. dxc5 Qxc5 20. Bb3 Ne5
21. Qe4 Kb8 22. Be3 Qc6 23. Qxc6 Nxc6 24. Rhg1 Be5 25. Rxd8+ Nxd8 26. Bd4 Bf4+
27. Kc2 Bh6 28. Be3 Bf8 29. Bf4+ Kc8 30. Kd3 Kd7 31. Ke4 a6 32. c4 Nc6 33. Ba4
Bc5 34. Rg2 Bf8 35. f3 Bc5 36. h5 Kc8 37. Bxc6 bxc6 38. Rg7 Rd8 39. Be3 1-0

[Event "Montcalm 1 2022-23"]
[Site "Quebec CAN"]
[Date "2022.09.22"]
[Round "3"]
[White "Oliver, Vance"]
[Black "Lapierre, Gaetan"]
[Result "0-1"]
[WhiteElo "1609"]
[BlackElo "1825"]
[PlyCount "64"]
[EventDate "2022.09.08"]
[EventType "swiss"]
[EventRounds "5"]
[EventCountry "CAN"]

1. Nf3 Nf6 2. g3 b6 3. Bg2 Bb7 4. d3 d6 5. O-O e5 6. e4 g6 7. Nbd2 c5 8. Re1
Bg7 9. c3 O-O 10. Nf1 Nc6 11. Bg5 h6 12. Be3 d5 13. exd5 Nxd5 14. Qd2 Kh7 15.
h4 f5 16. Bg5 Qd7 17. Ne3 Nxe3 18. Bxe3 Rad8 19. Rad1 Qc7 20. Qc1 f4 21. gxf4
exf4 22. Bd2 Ne5 23. Nxe5 Bxg2 24. Bxf4 Bxe5 25. Rxe5 Bc6 26. Qe3 Qc8 27. Re7+
Kg8 28. Qg3 Qf5 29. Bxh6 Rf6 30. Re5 Qd7 31. Bg5 Rf3 32. Qh2 Rh3 0-1

[Event "Montcalm 1 2022-23"]
[Site "Quebec CAN"]
[Date "2022.09.22"]
[Round "3"]
[White "Sauve, Richard"]
[Black "Boudreau, Daniel"]
[Result "0-1"]
[WhiteElo "1910"]
[BlackElo "1922"]
[PlyCount "52"]
[EventDate "2022.09.08"]
[EventType "swiss"]
[EventRounds "5"]
[EventCountry "CAN"]

1. d4 Nf6 2. c4 e6 3. Nc3 Bb4 4. Qc2 Nc6 5. Nf3 d6 6. Bd2 O-O 7. a3 Bxc3 8.
Bxc3 Re8 9. e4 e5 10. d5 Ne7 11. Bd3 Bg4 12. O-O-O a5 13. h3 Bd7 14. Kb1 c6 15.
c5 cxd5 16. cxd6 Nc6 17. exd5 e4 18. Bxf6 exd3 19. Bxd8 dxc2+ 20. Kxc2 Nxd8 21.
Kd2 Ra6 22. Kc3 Rxd6 23. Kd4 b5 24. Rhe1 f6 25. Rxe8+ Bxe8 26. Rc1 Bf7 0-1

[Event "Montcalm 1 2022-23"]
[Site "Quebec CAN"]
[Date "2022.09.22"]
[Round "3"]
[White "Sirois, Eric"]
[Black "Cournoyer, Dominic"]
[Result "1-0"]
[WhiteElo "1784"]
[BlackElo "1975"]
[PlyCount "87"]
[EventDate "2022.09.08"]
[EventType "swiss"]
[EventRounds "5"]
[EventCountry "CAN"]

1. e4 d5 2. exd5 Qxd5 3. Nc3 Qa5 4. Bc4 Nf6 5. d4 Bg4 6. f3 Bf5 7. Bd2 Qb6 8.
Nge2 e6 9. a4 c6 10. a5 Qc7 11. Bf4 Bd6 12. Qd2 Nbd7 13. O-O O-O 14. Bxd6 Qxd6
15. Ng3 Bg6 16. Nce4 Qc7 17. b4 Nd5 18. Bb3 Rfd8 19. c4 N5f6 20. Nc3 Rac8 21.
Qe3 Qd6 22. c5 Qc7 23. Nge4 Ne8 24. b5 Ndf6 25. b6 axb6 26. axb6 Qd7 27. Rfd1
Nd5 28. Bxd5 exd5 29. Nd2 Ra8 30. Qe1 Nf6 31. Rxa8 Rxa8 32. Ra1 Qd8 33. Nb3 Bd3
34. Na5 Ba6 35. Na2 Qd7 36. Nb4 Kf8 37. Naxc6 Re8 38. Ne5 Qb5 39. Nxa6 bxa6 40.
Qf1 Qb2 41. Qd1 Qb5 42. Rb1 Qa5 43. Qc1 Qa4 44. Qb2 1-0

[Event "Montcalm 1 2022-23"]
[Site "Quebec CAN"]
[Date "2022.09.29"]
[Round "4"]
[White "Boudreau, Daniel"]
[Black "Plante, Rejean"]
[Result "1-0"]
[WhiteElo "1922"]
[BlackElo "1991"]
[PlyCount "81"]
[EventDate "2022.09.08"]
[EventType "swiss"]
[EventRounds "5"]
[EventCountry "CAN"]

1. e4 c5 2. Nf3 Nc6 3. Bb5 g6 4. O-O Bg7 5. c3 e5 6. d3 Nge7 7. Be3 d6 8. Nbd2
O-O 9. a4 h6 10. Bc4 Kh7 11. Ne1 f5 12. f4 exf4 13. Bxf4 Ne5 14. Bxe5 dxe5 15.
Nef3 f4 16. h4 Ng8 17. Nb3 Qe7 18. Qe1 Nf6 19. Qf2 b6 20. Rfc1 Ng4 21. Qe1 Be6
22. Bxe6 Qxe6 23. Nbd2 Rad8 24. Qe2 Qd7 25. Ne1 Ne3 26. Nf1 Ng4 27. Nd2 Bf6 28.
Ndf3 h5 29. a5 Ne3 30. axb6 axb6 31. Ra6 Ra8 32. Rxb6 Qg4 33. Ng5+ Bxg5 34.
Qxg4 hxg4 35. hxg5 Rfd8 36. b4 c4 37. dxc4 Ra2 38. c5 Rad2 39. c6 Rd1 40. Rb7+
Kg8 41. Rxd1 1-0

[Event "Montcalm 1 2022-23"]
[Site "Quebec CAN"]
[Date "2022.09.29"]
[Round "4"]
[White "Drolet, Stephane"]
[Black "Sirois, Eric"]
[Result "1-0"]
[WhiteElo "2159"]
[BlackElo "1784"]
[PlyCount "67"]
[EventDate "2022.09.08"]
[EventType "swiss"]
[EventRounds "5"]
[EventCountry "CAN"]

1. d4 Nf6 2. Nf3 e6 3. e3 b6 4. Bd3 Bb7 5. Nbd2 Be7 6. O-O d5 7. b3 Nbd7 8. Bb2
O-O 9. Qe2 Ne4 10. c4 f5 11. Rad1 Qe8 12. cxd5 exd5 13. Rc1 c5 14. Bb5 a6 15.
Bxd7 Qxd7 16. Ne5 Qe8 17. Nd3 Qb5 18. a4 Qe8 19. dxc5 Nxc5 20. Bd4 Rc8 21. Rfd1
Bd6 22. a5 Nxd3 23. Qxd3 bxa5 24. Nf3 Qh5 25. Be5 Bxe5 26. Nxe5 f4 27. Rxc8
Rxc8 28. exf4 Rf8 29. g3 Qh3 30. Qd4 Rf6 31. Rc1 Rh6 32. Nf3 Qg4 33. Ng5 Rh5
34. Qe5 1-0

[Event "Montcalm 1 2022-23"]
[Site "Quebec CAN"]
[Date "2022.09.29"]
[Round "4"]
[White "Dumont, Eric"]
[Black "Sauve, Richard"]
[Result "1/2-1/2"]
[WhiteElo "1786"]
[BlackElo "1910"]
[PlyCount "73"]
[EventDate "2022.09.08"]
[EventType "swiss"]
[EventRounds "5"]
[EventCountry "CAN"]

1. d4 d5 2. Bf4 Nf6 3. e3 c5 4. c3 Qb6 5. Na3 cxd4 6. exd4 a6 7. Qb3 Qd8 8. Nf3
Nc6 9. Bd3 e6 10. Ne5 Be7 11. Nb1 O-O 12. Nd2 Nd7 13. Ndf3 Ncxe5 14. dxe5 Nc5
15. Qc2 Nxd3+ 16. Qxd3 Bd7 17. Nd4 Rc8 18. O-O Qc7 19. Bg3 Qc4 20. Qd2 b5 21.
f4 b4 22. Rf3 Bc5 23. Bf2 Bxd4 24. Bxd4 a5 25. b3 Qb5 26. cxb4 axb4 27. a4 bxa3
28. b4 Rc4 29. Bc5 Rc8 30. Rfxa3 h6 31. Ra8 Qb7 32. Rxc8+ Qxc8 33. g3 Re4 34.
Qd3 Qb7 35. Ra7 Qc6 36. Kf2 Rc4 37. Ra1 1/2-1/2

[Event "Montcalm 1 2022-23"]
[Site "Quebec CAN"]
[Date "2022.09.29"]
[Round "4"]
[White "Glode, Martin"]
[Black "Sarra-Bournet, Marc"]
[Result "1/2-1/2"]
[WhiteElo "1917"]
[BlackElo "1781"]
[PlyCount "78"]
[EventDate "2022.09.08"]
[EventType "swiss"]
[EventRounds "5"]
[EventCountry "CAN"]

1. e4 e5 2. Nf3 Nc6 3. Bb5 a6 4. Bxc6 dxc6 5. O-O Bg4 6. h3 h5 7. d3 Qf6 8.
Nbd2 O-O-O 9. Re1 Bc5 10. Qe2 Kb8 11. Nc4 Bxf3 12. Qxf3 Qxf3 13. gxf3 f6 14.
Kf1 Ne7 15. f4 b5 16. Nd2 exf4 17. Nb3 Bd6 18. d4 Ng6 19. Na5 Ne7 20. Nb3 Ng6
21. Na5 Rde8 22. Nxc6+ Kb7 23. Na5+ Kb6 24. Bd2 f3 25. c4 bxc4 26. Nxc4+ Kb7
27. Nxd6+ cxd6 28. Rac1 Rc8 29. b4 Rc6 30. Rxc6 Kxc6 31. a4 d5 32. Rc1+ Kd6 33.
b5 axb5 34. Bb4+ Kd7 35. axb5 Rb8 36. Rc5 dxe4 37. Rd5+ Ke6 38. Rd6+ Kf5 39.
Rd5+ Ke6 1/2-1/2

[Event "Montcalm 1 2022-23"]
[Site "Quebec CAN"]
[Date "2022.09.29"]
[Round "4"]
[White "Lapierre, Gaetan"]
[Black "Genest, Dominic"]
[Result "1/2-1/2"]
[WhiteElo "1825"]
[BlackElo "1758"]
[PlyCount "157"]
[EventDate "2022.09.08"]
[EventType "swiss"]
[EventRounds "5"]
[EventCountry "CAN"]

1. Nf3 Nf6 2. c4 e6 3. d4 d5 4. Nc3 c6 5. e3 Nbd7 6. Be2 dxc4 7. Bxc4 b5 8. Be2
a6 9. O-O c5 10. dxc5 Bxc5 11. a3 Bb7 12. b4 Bb6 13. Bb2 O-O 14. a4 bxa4 15.
Nxa4 Bc7 16. b5 a5 17. Ba3 Re8 18. Nd4 Nd5 19. g3 Ne5 20. Qd2 Rc8 21. f4 Nd7
22. Nc6 Bxc6 23. bxc6 Nb8 24. Rac1 Nxf4 25. Qxd8 Nxe2+ 26. Kf2 Rexd8 27. Kxe2
Rd5 28. Rc2 Rh5 29. h4 Bxg3 30. c7 Na6 31. Rfc1 Rxc7 32. Rxc7 Nxc7 33. Be7 h6
34. Kf3 Nd5 35. Kg4 Rxh4+ 36. Bxh4 Bd6 37. Rc8+ Kh7 38. Kf3 Nb4 39. Ra8 Nc6 40.
Bg3 Bb4 41. Rc8 Ne7 42. Rd8 Nf5 43. e4 Ne7 44. Bd6 Nc6 45. Rd7 Kg6 46. Bxb4
Ne5+ 47. Kf4 Nxd7 48. Bxa5 Kh5 49. Be1 g5+ 50. Kg3 f5 51. exf5 exf5 52. Bc3 Nf8
53. Nc5 Kg6 54. Be5 h5 55. Bd6 Nh7 56. Be7 Nf6 57. Bxf6 Kxf6 58. Nd7+ Ke6 59.
Nf8+ Ke5 60. Ng6+ Ke4 61. Kf2 h4 62. Ke2 h3 63. Kf2 g4 64. Kg3 Ke3 65. Nf4 Ke4
66. Ne2 Kd3 67. Nf4+ Ke3 68. Nd5+ Ke2 69. Nf4+ Kf1 70. Kh2 Kf2 71. Nh5 Kf3 72.
Ng3 f4 73. Nf1 Ke2 74. Kg1 h2+ 75. Nxh2 g3 76. Nf1 Kf3 77. Nd2+ Kg4 78. Kg2 Kh4
79. Nf3+ 1/2-1/2

[Event "Montcalm 1 2022-23"]
[Site "Quebec CAN"]
[Date "2022.09.29"]
[Round "4"]
[White "Mercure, Gilbert"]
[Black "Marquis, Paul"]
[Result "1/2-1/2"]
[WhiteElo "1907"]
[BlackElo "1978"]
[PlyCount "38"]
[EventDate "2022.09.08"]
[EventType "swiss"]
[EventRounds "5"]
[EventCountry "CAN"]

1. e4 e6 2. d4 d5 3. e5 c5 4. c3 Nc6 5. Nf3 Qb6 6. Bd3 Nh6 7. Bxh6 gxh6 8. O-O
Qxb2 9. Nbd2 Qxc3 10. Bb5 c4 11. Re1 Bd7 12. Bxc4 dxc4 13. Ne4 Qd3 14. Nf6+ Kd8
15. Qc1 Ba3 16. Qf4 Ne7 17. Re3 Qf5 18. Qxh6 Qg6 19. Qf4 Qf5 1/2-1/2

[Event "Montcalm 1 2022-23"]
[Site "Quebec CAN"]
[Date "2022.09.29"]
[Round "4"]
[White "Perreault, Jacquelin"]
[Black "Auger, Bertrand"]
[Result "0-1"]
[WhiteElo "1722"]
[BlackElo "1940"]
[PlyCount "90"]
[EventDate "2022.09.08"]
[EventType "swiss"]
[EventRounds "5"]
[EventCountry "CAN"]

1. e4 e6 2. d4 d5 3. Nd2 dxe4 4. Nxe4 Bd7 5. Nf3 Bc6 6. Bd3 Nd7 7. O-O Ngf6 8.
Neg5 Bd6 9. Qe2 h6 10. Ne4 Bxe4 11. Bxe4 Nxe4 12. Qxe4 c6 13. Bd2 Qc7 14. c4
Nf6 15. Qe2 O-O 16. b4 Rfe8 17. Rfe1 Rad8 18. Rac1 Qe7 19. Rb1 Bb8 20. Bc3 b5
21. Ne5 Rc8 22. Qf3 Qd6 23. g3 bxc4 24. Nxc4 Qd5 25. Ne5 Qxf3 26. Nxf3 Nd5 27.
Rec1 f6 28. Bd2 a6 29. Rc2 Bd6 30. a3 Ne7 31. Rbc1 g5 32. Ne1 Rb8 33. Nd3 Kf7
34. Nc5 Bxc5 35. Rxc5 Red8 36. Be3 Rd5 37. Kf1 f5 38. Ke2 Ke8 39. h4 Rxc5 40.
Rxc5 f4 41. gxf4 gxh4 42. Kf3 Kd7 43. Ra5 Rg8 44. Rh5 Nf5 45. Ke4 Ke7 0-1

[Event "Montcalm 1 2022-23"]
[Site "Quebec CAN"]
[Date "2022.10.06"]
[Round "5"]
[White "Auger, Bertrand"]
[Black "Poliquin, Yvon"]
[Result "1-0"]
[WhiteElo "1940"]
[BlackElo "1931"]
[PlyCount "65"]
[EventDate "2022.09.08"]
[EventType "swiss"]
[EventRounds "5"]
[EventCountry "CAN"]

1. Nf3 d5 2. g3 Bg4 3. Bg2 Nd7 4. d4 e6 5. O-O Bd6 6. Nc3 c6 7. e4 dxe4 8. Nxe4
Bc7 9. c4 Ngf6 10. Re1 Nxe4 11. Rxe4 Bf5 12. Re1 Nb6 13. Nh4 Qf6 14. Qh5 Bg6
15. Nxg6 fxg6 16. Qc5 Nd7 17. Qb4 O-O-O 18. Be3 Nb6 19. a4 Qf8 20. Qb3 Nd7 21.
a5 a6 22. Qc3 Bd6 23. Bd2 Qf7 24. b4 Rhf8 25. Be3 Nb8 26. Rab1 Qf6 27. Qb3 Rf7
28. b5 h6 29. c5 Bf8 30. bxc6 Nxc6 31. Bxc6 bxc6 32. Qb8+ Kd7 33. Qb7+ 1-0